| 000 | 00333nam a22001337a 4500 | ||
|---|---|---|---|
| 003 | SGT | ||
| 020 | _a9788183283229 | ||
| 082 |
_a070 _bB13S |
||
| 100 | _aSAHASRABUDDHE, VINAY | ||
| 245 |
_aBEYOND A BILLION BALLOTS _bDEMOCRATIC REFORMERS FOR A RESURGENT INDIA |
||
| 260 |
_bWISDOM TREE BOOKS _c2013 |
||
| 300 | _a317 | ||
| 942 |
_2ddc _cBK |
||
| 999 |
_c28889 _d28889 |
||